LEADER 01500nam0 22003131i 450 001 UON00232422 005 20231205103508.888 010 $a80-85270-99-4 100 $a20030730d1999 |0itac50 ba 101 $acze 102 $aCZ 105 $a||||a ||||| 200 1 $aBibliografie ?eských/?eskoslovenských d?jin 1918?1999$eVýb?r knih, sborník? a ?lánk? vydaných v letech 1996?1999$fzpracovali V?ra B?e?ová, Slav?na Rohlíková ve spolupráci s Old?ichem T?mou 210 $aPraha$cÚstav pro soudobé d?jiny AV ?R$d1999 215 $a2 v.$d24 cm. 316 $aDono Dr. Laudiero$5IT-UONSI EO DUOMOXIII/0368 606 $aCECOSLOVACCHIA$xStoria$xBibliografie$3UONC044600$2FI 620 $aCZ$dPraha$3UONL003201 676 $a943.7$cStoria Europa Centrale. Cecoslovacchia$v21 702 1$aB?E?OVÁ$bV?ra$3UONV128264 702 1$aROHLÍKOVÁ$bSlav?na$3UONV128265 702 1$aT?MA$bOld?ich$3UONV128266 712 $aÚstav pro soudobé d?jiny AV ?R$3UONV266314$4650 801 $aIT$bSOL$c20240220$gRICA 912 $aUON00232422 950 $aSIBA - SISTEMA BIBLIOTECARIO DI ATENEO$dSI EO DUOMO XIII 0368 $eSI EO 33848 5 0368 950 $aSIBA - SISTEMA BIBLIOTECARIO DI ATENEO$dSI EO DUOMO XIII 0368 $eSI EO 33849 5 0368 Dono Dr. Laudiero 996 $aBibliografie ?eských$91742517 997 $aUNIOR LEADER 02609oas 2200997 a 450 001 9910770298003321 005 20251105213014.0 011 $a2090-2387 035 $a(DE-599)ZDB2502114-X 035 $a(DE-599)2502114-X 035 $a(OCoLC)428026188 035 $a(CONSER) 2012250788 035 $a(CKB)1000000000320164 035 $a(EXLCZ)991000000000320164 100 $a20090728a20009999 uy a 101 0 $aeng 135 $aur||||||||||| 181 $ctxt$2rdacontent 182 $cc$2rdamedia 183 $acr$2rdacarrier 200 00$aArab journal of gastroenterology 210 $a[Cairo?] $c[publisher not identified] 210 3 $a[Amsterdam] $cElsevier B.V 215 $a1 online resource 300 $aRefereed/Peer-reviewed 311 08$a1687-1979 517 1 $aMajallah al-?Arabi?yah al-jiha?z al-had?m 517 1 $aArab JG 531 0 $aArab. j. gastroenterol. 606 $aGastroenterology$vPeriodicals 606 $aDigestive organs$xDiseases$vPeriodicals 606 $aDigestive System Diseases 606 $aGastroenterology 606 $aGastroente?rologie$vPe?riodiques 606 $aAppareil digestif$xMaladies$vPe?riodiques 606 $aDigestive organs$xDiseases$2fast$3(OCoLC)fst00893593 606 $aGastroenterology$2fast$3(OCoLC)fst00938842 608 $aPeriodical. 608 $aPeriodicals.$2fast 608 $aPeriodicals.$2lcgft 615 0$aGastroenterology 615 0$aDigestive organs$xDiseases 615 2$aDigestive System Diseases. 615 2$aGastroenterology. 615 6$aGastroente?rologie 615 6$aAppareil digestif$xMaladies 615 7$aDigestive organs$xDiseases. 615 7$aGastroenterology. 676 $a616.3 712 02$aPan-Arab Association of Gastroenterology 801 0$bOH1 801 1$bTEF 801 2$bOCLCQ 801 2$bCUS 801 2$bVRC 801 2$bOCLCQ 801 2$bBUF 801 2$bOCLCF 801 2$bOCLCQ 801 2$bOCLCO 801 2$bOCLCQ 801 2$bEZC 801 2$bOCLCO 801 2$bU3W 801 2$bAU@ 801 2$bOCLCO 801 2$bWYU 801 2$bOCLCO 801 2$bOCLCA 801 2$bTKN 801 2$bVT2 801 2$bOCLCO 801 2$bOCLCA 801 2$bCUS 801 2$bOCLCQ 801 2$bOCLCO 801 2$bOCLCQ 801 2$bUAB 801 2$bOCLCL 801 2$bADU 801 2$bOCLCL 801 2$bOCLCQ 906 $aJOURNAL 912 $a9910770298003321 996 $aArab journal of gastroenterology$91892448 997 $aUNINA